UM Logo
Normal view MARC view
  • Poon, Jason.

Entry Personal Name

Number of records used in: 1

001 - CONTROL NUMBER

  • control field: 52515

003 - CONTROL NUMBER IDENTIFIER

  • control field: OSt

005 - DATE AND TIME OF LATEST TRANSACTION

  • control field: 20240215124328.0

008 - FIXED-LENGTH DATA ELEMENTS

  • fixed length control field: 240215|| aca||aabn | a|a d

040 ## - CATALOGING SOURCE

  • Original cataloging agency: OSt
  • Transcribing agency: OSt

100 ## - HEADING--PERSONAL NAME

  • Personal name: Poon, Jason.
  • Relator term: author.

670 ## - SOURCE DATA FOUND

  • Source citation: Work cat.: (OSt): Poon, Jason. author., Real-time selective harmonic minimization using a hybrid analog/digital computing method /, May 2022.